Science Adventure (Steins;Gate series) Games - Statistics

General Stats
  • This quiz has been taken 29 times
  • The average score is 13 of 19
Answer Stats
Year released Title % Correct
2009 Steins;Gate
100%
2008 ChäoS;HEAd
96%
TBA Steins;???
96%
2015 Steins;Gate 0
96%
2014 ChäoS;Child
88%
2012 Robotics;Notes
88%
2018 Steins;Gate ELITE
79%
2009 ChäoS;HEAd NoAH
75%
2017 Occultic;Nine
71%
2011 Steins;Gate: My Darling's Embrace
71%
2022 Anonymous;Code
67%
2019 Robotics;Notes DaSH
63%
2013 Steins;Gate: Linear Bounded Phenogram
63%
2017 ChäoS;Child Love Chu Chu!
58%
2010 ChäoS;HEAd Love Chu Chu!
58%
2014 Robotics;Notes ELITE
58%
TBA Steins;Gate 0 ELITE
46%
2018 8-bit ADV Steins;Gate
33%
2011 Steins;Gate: Variant Space Octet
33%
No matching quizzes found
Score Distribution
Percent of People with Each Score
Percentile by Number Answered
Your Score History
You have not taken this quiz